000 00807nam a2200253 4500
001 768633
003 ARRUPE
005 20160913113708.0
008 720517s1972 nyu bs 000 0 eng
010 _a 71151955
040 _aDLC
_cDLC
_dDLC
043 _af------
050 0 0 _aHC502
_b.M86
082 0 0 _a330.9/6/03
100 1 _aMutharika, B. W. T.
_925705
245 1 0 _aToward multinational economic cooperation in Africa
_c[by] B. W. T. Mutharika.
260 _aNew York,
_bPraeger Publishers
_c[1972]
300 _axx, 434 p.
_c25 cm.
490 0 _aPraeger special studies in international economics and development
504 _aBibliography: p. 425-434.
651 0 _aAfrica
_xEconomic integration.
_925706
906 _a7
_bcbc
_corignew
_d2
_encip
_f19
_gy-gencatlg
942 _2lcc
_cMONOGRAPH
999 _c125218
_d125218